Normal view
MARC view
- Sohail Anjum, Huntington, Samuel.P
Entry Personal Name
001 - CONTROL NUMBER
- control field: 73584
003 - CONTROL NUMBER IDENTIFIER
- control field: NUST
005 - DATE AND TIME OF LATEST TRANSACTION
- control field: 20210628205036.0
008 - FIXED-LENGTH DATA ELEMENTS
- fixed length control field: 210628|| aca||aabn | a|a d
040 ## - CATALOGING SOURCE
- Original cataloging agency: NUST
- Transcribing agency: NUST
100 ## - HEADING--PERSONAL NAME
- Personal name: Sohail Anjum, Huntington, Samuel.P
670 ## - SOURCE DATA FOUND
- Source citation: Work cat.: (NUST): Sohail Anjum, Huntington, Samuel.P, Tehzeeban ka tasadam aur alami nazam key tashkil, the clash of civilizations and the remaking of world order, 2003
